| 000 | 00000nam 2200000za 4500 |
| 001 | 9.816619 |
| 003 | CaOODSP |
| 005 | 20221107142305 |
| 007 | cr ||||||||||| |
| 008 | 160502s1984 onc |o||||f|0| 0|fre d |
| 020 | |z0-660-54798-8 |
| 040 | |aCaOODSP|bfre |
| 041 | |afre|aeng |
| 043 | |an-cn--- |
| 086 | 1 |aFs41-31/104-PDF |
| 245 | 00|aDirectory of marine and freshwater scientists in Canada - 1989 |h[ressource électronique] = |bRépertoire des experts des sciences de la mer et des eaux douces au Canada - 1989. |
| 246 | 11|aRépertoire des experts des sciences de la mer et des eaux douces au Canada - 1989 |
| 260 | |aOttawa : |bMinistère des Pêches et des Océans, |c1989. |
| 300 | |aiii, 253 p. |
| 490 | 1 |aPublication spéciale canadienne des sciences halieutiques et aquatiques, |x0706-6481 ; |v104 |
| 500 | |aLe n° de catalogue (Fs41-31/104) et l’ISBN (0-660-54798-8) de l'édition imprimée bilingue ont été copiés dans l’édition électronique. |
| 546 | |aTexte en français et en anglais. |
| 692 | 07|2gccst|aScientifique |
| 710 | 1 |aCanada. |bMinistère des pêches et des océans. |
| 791 | |tDirectory of marine and freshwater scientists in Canada - 1989 |eeng|w(CaOODSP)9.816618 |
| 830 | #0|aPublication spéciale canadienne des sciences halieutiques et aquatiques ;|v104|w(CaOODSP)9.816386 |
| 856 | 40|qPDF|s3.70 Mo|uhttps://publications.gc.ca/collections/collection_2016/mpo-dfo/Fs41-31-104.pdf |